| 000 | 00416nam a22001457a 4500 | ||
|---|---|---|---|
| 082 |
_a711.43 _bTOW _cL-14, P-92 |
||
| 100 |
_aShahane _940703 |
||
| 245 |
_aTown Planning in Questions and Answers _cShahane |
||
| 250 | _a1971 | ||
| 260 |
_aKarachi _bUnion Book Stall M. A. Jinnah Road (Bunder Road) _c1971 |
||
| 300 | _a256 P, : | ||
| 526 |
_a0 _b0 _c0 _d711_430000000000000_TOW |
||
| 650 |
_aMCE _9379 |
||
| 942 |
_2ddc _cBK |
||
| 999 |
_c549148 _d549148 |
||